[Event "VIE-ch U13"]
[Site "Da Lat"]
[Date "2013.07.??"]
[Round "3"]
[White "Huynh, Van Huy"]
[Black "Nguyen, Tan Nghia"]
[Result "1-0"]
[WhiteElo "1975"]
[BlackElo "1955"]
[PlyCount "93"]
[EventDate "2013.07.13"]
[EventType "swiss"]
[EventRounds "9"]
[EventCountry "VIE"]
[SourceTitle "EXT 2014"]
[Source "ChessBase"]
[SourceDate "2013.11.20"]
[SourceVersion "1"]
[SourceVersionDate "2013.11.20"]
[SourceQuality "1"]

1. c4 g6 2. Nc3 Bg7 3. g3 Nc6 4. Bg2 Nf6 5. Nf3 0-0 6. 0-0 d5 7. cxd5 Nxd5 8. Qb3 e6 9. d3 Na5 10. Qa3 c6 11. Bd2 b5 12. Nxd5 Qxd5 13. Bxa5 Bb7 14. Bc3 c5 15. Bxg7 Kxg7 16. Qc3+ Kg8 17. Nh4 Qd7 18. Bxb7 Qxb7 19. Qxc5 Rac8 20. Qe3 Qb6 21. Qxb6 axb6 22. Rac1 Ra8 23. a3 b4 24. axb4 Ra4 25. Rc4 b5 26. Re4 Re8 27. b3 Ra3 28. Re5 Rxb3 29. Rxb5 Rd8 30. Rc1 Rb2 31. Kf1 Rd5 32. Rxd5 exd5 33. Rc5 Rxb4 34. Rxd5 Rb1+ 35. Kg2 Kf8 36. e4 Ke7 37. Nf3 Ke6 38. Ng5+ Kf6 39. Nxh7+ Kg7 40. Ng5 f6 41. Rd7+ Kh6 42. Ne6 f5 43. h4 fxe4 44. dxe4 Kh5 45. Ng5 Kg4 46. f3+ Kh5 47. Rh7# 1-0

[Event "VIE-ch U13"]
[Site "Da Lat"]
[Date "2013.07.??"]
[Round "5"]
[White "Le, Thanh Cong"]
[Black "Nguyen, Tan Nghia"]
[Result "1-0"]
[WhiteElo "1961"]
[BlackElo "1955"]
[PlyCount "41"]
[EventDate "2013.07.13"]
[EventType "swiss"]
[EventRounds "9"]
[EventCountry "VIE"]
[SourceTitle "EXT 2014"]
[Source "ChessBase"]
[SourceDate "2013.11.20"]
[SourceVersion "1"]
[SourceVersionDate "2013.11.20"]
[SourceQuality "1"]

1. d4 b6 2. c4 Bb7 3. Nc3 Nf6 4. Bf4 d5 5. Nf3 dxc4 6. e3 Ne4 7. Bxc4 Nxc3 8. bxc3 Nd7 9. 0-0 g6 10. Qb3 e6 11. Ne5 Bg7 12. Bb5 Bxe5 13. Bxe5 Rg8 14. Bg3 a6 15. Bd3 Qe7 16. e4 0-0-0 17. a4 e5 18. Qc2 f6 19. Qe2 b5 20. axb5 Nb8 21. bxa6 1-0

[Event "VIE-ch U13"]
[Site "Da Lat"]
[Date "2013.07.??"]
[Round "4"]
[White "Nguyen, Tan Nghia"]
[Black "Nguyen, Huu Anh Tai"]
[Result "0-1"]
[WhiteElo "1955"]
[BlackElo "1967"]
[PlyCount "58"]
[EventDate "2013.07.13"]
[EventType "swiss"]
[EventRounds "9"]
[EventCountry "VIE"]
[SourceTitle "EXT 2014"]
[Source "ChessBase"]
[SourceDate "2013.11.20"]
[SourceVersion "1"]
[SourceVersionDate "2013.11.20"]
[SourceQuality "1"]

1. d4 d5 2. e3 e6 3. Bb5+ c6 4. Bd3 Nf6 5. f4 Nbd7 6. Nf3 Bd6 7. Ne5 0-0 8. 0-0 c5 9. c3 b6 10. Nd2 Bb7 11. Ndf3 Ne4 12. Ng5 Bxe5 13. dxe5 Nxg5 14. fxg5 Qxg5 15. Qc2 h6 16. e4 Qxe5 17. exd5 Qxd5 18. Rd1 Qc6 19. Rd2 Nf6 20. b4 c4 21. Bf1 b5 22. Rf2 Ng4 23. Rf3 Qb6+ 24. Be3 Nxe3 25. Qf2 Bxf3 26. Qxf3 Ng4+ 27. Kh1 Nf2+ 28. Kg1 Nh3+ 29. Kh1 Qg1# 0-1